Emlékház Szent-Györgyi Albertnek hazahozzák a Nobel-díjas hamvait /

Elmentve itt :
Bibliográfiai részletek
Szerzők: Keczer Gabriella
Szent-Györgyi Albert
Dokumentumtípus: Cikk
Megjelent: 2000-06-10
Sorozat:Délmagyarország 90 No. 135
Kulcsszavak:Szent-Györgyi Albert 1893-1986, Szeged, Orvos Szeged, Emlékház Szeged
Online Access:http://dmarchiv.bibl.u-szeged.hu/87658
LEADER 00599nab a2200169 i 4500
001 delm87658
005 20191029094509.0
008 191029s2000 hu o 0|| hun d
040 |a SZTE Délmagyarország Archívum  |b hun 
041 |a hun 
100 1 |a Keczer Gabriella 
245 1 0 |a Emlékház Szent-Györgyi Albertnek   |h [elektronikus dokumentum] :  |b hazahozzák a Nobel-díjas hamvait /  |c  Keczer Gabriella 
260 |c 2000-06-10 
300 |a 7 
490 0 |a Délmagyarország  |v 90 No. 135 
695 |a Szent-Györgyi Albert 1893-1986, Szeged, Orvos Szeged, Emlékház Szeged 
700 0 2 |a Szent-Györgyi Albert  |e aut